[Event "BLR-chT"]
[Site "Minsk"]
[Date "2016.04.26"]
[Round "2"]
[White "Meribanov, Vitaly"]
[Black "Smolich, Pavel"]
[Result "1-0"]
[WhiteElo "2402"]
[BlackElo "2285"]
[PlyCount "71"]
[EventDate "2016.04.25"]
[EventType "team-swiss"]
[EventRounds "7"]
[EventCountry "BLR"]
[SourceTitle "CBM 172 Extra"]
[Source "ChessBase"]
[SourceDate "2016.06.21"]
[SourceVersion "1"]
[SourceVersionDate "2016.06.21"]
[SourceQuality "1"]
[WhiteTeam "Itransition"]
[BlackTeam "BGU"]
[WhiteTeamCountry "BLR"]
[BlackTeamCountry "BLR"]

1. e4 e5 2. Nf3 Nc6 3. Bb5 a6 4. Ba4 Nf6 5. Qe2 b5 6. Bb3 Be7 7. 0-0 d6 8. a4 Bg4 9. c3 0-0 10. h3 Bh5 11. d3 Na5 12. Bc2 c5 13. Nbd2 Nc6 14. Rd1 d5 15. Nf1 d4 16. g4 Bg6 17. Ng3 Ne8 18. Nf5 Rc8 19. Kh2 Nc7 20. axb5 axb5 21. Bb3 Kh8 22. Rg1 Bd6 23. h4 f6 24. h5 Be8 25. N3h4 Bf7 26. Bxf7 Rxf7 27. g5 Ne7 28. g6 Nxf5 29. Nxf5 Rd7 30. h6 Bf8 31. Qh5 gxh6 32. g7+ Bxg7 33. Nxg7 Rxg7 34. Rxg7 Kxg7 35. Bxh6+ Kh8 36. Qf7 1-0

[Event "Minsk Bronstein Memorial op"]
[Site "Minsk"]
[Date "2015.02.14"]
[Round "10"]
[White "Smolich, Pavel"]
[Black "Meribanov, Vitaly"]
[Result "0-1"]
[WhiteElo "2310"]
[BlackElo "2370"]
[PlyCount "94"]
[EventDate "2015.02.14"]
[EventType "swiss (rapid)"]
[EventRounds "10"]
[EventCountry "BLR"]
[SourceTitle "EXT 2017"]
[Source "ChessBase"]
[SourceDate "2016.10.25"]
[SourceVersion "1"]
[SourceVersionDate "2016.10.25"]
[SourceQuality "1"]

1. d4 Nf6 2. c4 c5 3. d5 b5 4. cxb5 a6 5. bxa6 g6 6. g3 Bxa6 7. Bg2 d6 8. Bd2 Bg7 9. Bc3 Nbd7 10. Nh3 0-0 11. Nf4 Nb6 12. h4 h5 13. a4 Qc7 14. a5 Nbd7 15. Nd2 Rfb8 16. Qc2 Ra7 17. 0-0 Rab7 18. b3 Ng4 19. Bxg7 Kxg7 20. Be4 Nde5 21. Qc3 Kg8 22. Bd3 Nxd3 23. Nxd3 Nf6 24. e4 Nxe4 25. Nxe4 Rxb3 26. Ndxc5 dxc5 27. Qxc5 Qb7 28. Rfd1 Rc8 29. Qd4 Rc4 30. Qe5 Rbb4 31. f3 Rb5 32. Rd2 Rb1+ 33. Kg2 Rcc1 34. Rxb1 Qxb1 35. Qd4 Rh1 36. Qf2 Bc8 37. Ng5 f6 38. Ne6 Re1 39. Qb6 Kf7 40. Nd8+ Ke8 41. Nc6 Bh3+ 42. Kf2 Rf1+ 43. Ke3 Qe1+ 44. Kd3 Rxf3+ 45. Kc4 Qc1+ 46. Kb5 Bf1+ 47. Ka4 Qa3# 0-1

[Event "Minsk Bronstein Memorial op"]
[Site "Minsk"]
[Date "2015.02.14"]
[Round "8"]
[White "Smolich, Pavel"]
[Black "Podolchenko, Evgeniy"]
[Result "0-1"]
[WhiteElo "2310"]
[BlackElo "2449"]
[PlyCount "74"]
[EventDate "2015.02.14"]
[EventType "swiss (rapid)"]
[EventRounds "10"]
[EventCountry "BLR"]
[SourceTitle "EXT 2017"]
[Source "ChessBase"]
[SourceDate "2016.10.25"]
[SourceVersion "1"]
[SourceVersionDate "2016.10.25"]
[SourceQuality "1"]

1. d4 Nf6 2. c4 g6 3. Nc3 Bg7 4. e4 0-0 5. Bg5 d6 6. f4 c5 7. d5 b5 8. cxb5 a6 9. Nf3 Qa5 10. Bxf6 Bxf6 11. e5 Bg7 12. Qd2 Bg4 13. Qe3 Nd7 14. Be2 axb5 15. 0-0 b4 16. Ne4 Bxf3 17. Rxf3 Nb6 18. Rd1 Qxa2 19. b3 Rad8 20. exd6 exd6 21. f5 Rfe8 22. f6 Bf8 23. Bb5 Re5 24. Bc6 Qc2 25. Rd3 c4 26. bxc4 Nxc4 27. Qd4 b3 28. Nc3 Re1+ 29. Rf1 Rxf1+ 30. Kxf1 b2 31. Rd1 b1Q 32. Nxb1 Ne3+ 33. Qxe3 Qxd1+ 34. Qe1 Qd3+ 35. Kg1 Bh6 36. Nc3 Be3+ 37. Kh1 Bd2 0-1

[Event "Minsk Bronstein Memorial op"]
[Site "Minsk"]
[Date "2015.02.14"]
[Round "6"]
[White "Vakhitov, Dmitry"]
[Black "Smolich, Pavel"]
[Result "0-1"]
[WhiteElo "1755"]
[BlackElo "2310"]
[PlyCount "84"]
[EventDate "2015.02.14"]
[EventType "swiss (rapid)"]
[EventRounds "10"]
[EventCountry "BLR"]
[SourceTitle "EXT 2017"]
[Source "ChessBase"]
[SourceDate "2016.10.25"]
[SourceVersion "1"]
[SourceVersionDate "2016.10.25"]
[SourceQuality "1"]

1. d4 d5 2. c4 e6 3. Nc3 Nf6 4. Bg5 Be7 5. e3 Nbd7 6. Bd3 0-0 7. cxd5 exd5 8. Qc2 c5 9. dxc5 Nxc5 10. Bxf6 Nxd3+ 11. Qxd3 Bxf6 12. Nge2 Be6 13. 0-0 Qd7 14. Rad1 Rfd8 15. Nd4 a6 16. a3 Rac8 17. Rc1 Rc7 18. Rfd1 b5 19. b4 Rc4 20. Nce2 Qc7 21. Nb3 Bb2 22. Rb1 Bf6 23. Ned4 Bxd4 24. exd4 Qc8 25. Rbc1 Bf5 26. Qd2 Bc2 27. Na5 Bxd1 28. Nxc4 dxc4 29. Rxd1 Rd5 30. Qc3 h5 31. h3 Qf5 32. Re1 Qd3 33. Qxd3 cxd3 34. Rd1 Rxd4 35. Rd2 f5 36. g3 g5 37. f4 gxf4 38. gxf4 Kf7 39. Kg2 Ke6 40. Kg3 Kd5 41. Kh4 Ke4 42. Kg5 h4 0-1

[Event "BLR-ch 81st"]
[Site "Minsk"]
[Date "2015.01.20"]
[Round "9"]
[White "Smolich, Pavel"]
[Black "Ziaziulkina, Nastassia"]
[Result "1-0"]
[WhiteElo "2252"]
[BlackElo "2429"]
[PlyCount "87"]
[EventDate "2015.01.12"]
[EventType "tourn"]
[EventRounds "11"]
[EventCountry "BLR"]
[EventCategory "8"]
[SourceTitle "CBM 164 Extra"]
[Source "ChessBase"]
[SourceDate "2015.03.02"]
[SourceVersion "1"]
[SourceVersionDate "2015.03.02"]
[SourceQuality "1"]

1. d4 d5 2. c4 c6 3. Nf3 Nf6 4. Nc3 e6 5. Bg5 h6 6. Bxf6 Qxf6 7. e3 g6 8. Ne5 Bg7 9. Bd3 0-0 10. f4 dxc4 11. Bxc4 Qe7 12. Qe2 c5 13. 0-0-0 cxd4 14. exd4 Nd7 15. h4 Nb6 16. Bb3 Bd7 17. h5 g5 18. fxg5 Qxg5+ 19. Kb1 Rad8 20. Ne4 Qe7 21. Rh3 Be8 22. Rg3 Nd5 23. Rf1 f5 24. Nc5 b6 25. Ncd3 Qh4 26. Qf2 Qf6 27. Ng6 Rf7 28. Nde5 Rc7 29. Qe2 Kh7 30. a3 Ne7 31. Nxe7 Rxe7 32. Rf4 a5 33. Bc4 Rc7 34. Nf3 Rc6 35. Bb5 Rcd6 36. Bxe8 Rxe8 37. Rg6 Qd8 38. g4 Rd5 39. Rxe6 Rxe6 40. Qxe6 fxg4 41. Qg6+ Kh8 42. Re4 Qd6 43. Re8+ Bf8 44. Qf7 1-0

[Event "BLR-ch 81st"]
[Site "Minsk"]
[Date "2015.01.17"]
[Round "6"]
[White "Maiorov, Nikita"]
[Black "Smolich, Pavel"]
[Result "1-0"]
[WhiteElo "2596"]
[BlackElo "2252"]
[PlyCount "119"]
[EventDate "2015.01.12"]
[EventType "tourn"]
[EventRounds "11"]
[EventCountry "BLR"]
[EventCategory "8"]
[SourceTitle "CBM 164 Extra"]
[Source "ChessBase"]
[SourceDate "2015.03.02"]
[SourceVersion "1"]
[SourceVersionDate "2015.03.02"]
[SourceQuality "1"]

1. d4 d5 2. c4 c6 3. Nc3 Nf6 4. e3 e6 5. Nf3 Bd6 6. Qc2 Nbd7 7. b3 0-0 8. Be2 Re8 9. 0-0 e5 10. cxd5 cxd5 11. Nb5 Bb8 12. dxe5 Nxe5 13. Bb2 Ng6 14. Rfc1 Ne4 15. Nc7 Bxc7 16. Qxc7 Bg4 17. Qxd8 Raxd8 18. h3 Bc8 19. Rc7 Nf8 20. Nd4 a6 21. Rac1 Ng5 22. Bg4 Bxg4 23. hxg4 Rb8 24. Nf5 Nge6 25. Re7 Ng6 26. Rxe8+ Rxe8 27. Nd6 Rb8 28. f4 Ngf8 29. f5 Ng5 30. Rc7 b5 31. Ra7 f6 32. Rxa6 Nd7 33. Bd4 Kf8 34. Ra7 Ke7 35. Bc5 Kd8 36. Bb4 Ne4 37. Ba5+ Ke7 38. Bc7 Rh8 39. Nxb5 h5 40. Ba5 Rc8 41. Rc7 Ra8 42. Bb4+ Kd8 43. Rc2 hxg4 44. Nc7 Rb8 45. Nxd5 Ne5 46. Be7+ Ke8 47. Rc7 Rb5 48. Rc8+ Kd7 49. Rd8+ Kc6 50. Nb4+ Kb7 51. a4 Rb6 52. Rg8 g3 53. Kf1 g5 54. fxg6 f5 55. g7 Rg6 56. Nd5 Rc6 57. Ba3 Rc2 58. Rb8+ Ka7 59. g8Q Nd2+ 60. Ke1 1-0

[Event "BLR-ch 81st"]
[Site "Minsk"]
[Date "2015.01.15"]
[Round "4"]
[White "Stupak, Kirill"]
[Black "Smolich, Pavel"]
[Result "1-0"]
[WhiteElo "2557"]
[BlackElo "2252"]
[PlyCount "47"]
[EventDate "2015.01.12"]
[EventType "tourn"]
[EventRounds "11"]
[EventCountry "BLR"]
[EventCategory "8"]
[SourceTitle "CBM 164 Extra"]
[Source "ChessBase"]
[SourceDate "2015.03.02"]
[SourceVersion "1"]
[SourceVersionDate "2015.03.02"]
[SourceQuality "1"]

1. d4 d5 2. Nf3 Nf6 3. c4 e6 4. g3 Nbd7 5. Bg2 dxc4 6. 0-0 c5 7. Nc3 a6 8. d5 exd5 9. Nxd5 Nxd5 10. Qxd5 Be7 11. Qxc4 0-0 12. Qc2 Nf6 13. Ne5 Bd6 14. Nc4 Bc7 15. Be3 Qe7 16. Nd2 Bd6 17. Rac1 Rb8 18. Ne4 Nxe4 19. Bxe4 h6 20. Rfd1 Bh3 21. Rxd6 Qxd6 22. Bxc5 Qe5 23. Bxf8 Rc8 24. Bc5 1-0

[Event "BLR-ch 81st"]
[Site "Minsk"]
[Date "2015.01.13"]
[Round "2"]
[White "Filipets, Egor"]
[Black "Smolich, Pavel"]
[Result "1/2-1/2"]
[WhiteElo "2240"]
[BlackElo "2252"]
[PlyCount "291"]
[EventDate "2015.01.12"]
[EventType "tourn"]
[EventRounds "11"]
[EventCountry "BLR"]
[EventCategory "8"]
[SourceTitle "CBM 164 Extra"]
[Source "ChessBase"]
[SourceDate "2015.03.02"]
[SourceVersion "1"]
[SourceVersionDate "2015.03.02"]
[SourceQuality "1"]

1. d4 d5 2. c4 e6 3. Nc3 Nf6 4. cxd5 exd5 5. Bg5 Be7 6. e3 c6 7. Bd3 Bg4 8. Nge2 Bh5 9. Qb3 Qb6 10. Qxb6 axb6 11. Nf4 Bg6 12. Nxg6 hxg6 13. f3 Na6 14. 0-0-0 b5 15. Kb1 Nh5 16. Bxe7 Kxe7 17. e4 dxe4 18. fxe4 Nf4 19. Bf1 b4 20. Ne2 Nxe2 21. Bxe2 Rad8 22. Kc2 Nc7 23. Kb3 Rd6 24. Kxb4 Rhd8 25. Kc3 Ne6 26. d5 cxd5 27. exd5 Rxd5 28. Rxd5 Rxd5 29. b4 Re5 30. Bf3 b6 31. a4 Re3+ 32. Kc4 Ra3 33. Rd1 Rxa4 34. Kb5 Ra2 35. Kxb6 Rb2 36. b5 g5 37. Bc6 g4 38. Ka5 f5 39. Rd5 f4 40. b6 Ra2+ 41. Ba4 f3 42. gxf3 gxf3 43. b7 f2 44. Rd7+ Kf6 45. Rd1 Rb2 46. Bb5 Nd4 47. b8Q Nc6+ 48. Bxc6 Rxb8 49. Bg2 Rb2 50. Bf1 Ke5 51. Ka4 Ke4 52. Ka3 Rb6 53. Rd2 Ke3 54. Rd3+ Kf4 55. Bg2 Rf6 56. Kb3 Kg5 57. Rg3+ Kh6 58. Bf1 Rc6 59. Rf3 Rf6 60. Rh3+ Kg6 61. Kc2 Rf4 62. Kd2 Kf6 63. Rg3 g5 64. h3 Kg6 65. Rd3 Kh5 66. Ke3 Kh4 67. Rd5 Rf6 68. Ke2 Rf4 69. Ke3 Rf8 70. Rd4+ Rf4 71. Rd3 Rf8 72. Ke2 Rf4 73. Rd8 Kg3 74. Rd3+ Kh4 75. Bg2 g4 76. hxg4 Kxg4 77. Bf3+ Kg3 78. Bd5+ Kg4 79. Bg2 Rf6 80. Rd8 Rf4 81. Rg8+ Kh4 82. Kf1 Rf6 83. Be4 Rf4 84. Bd3 Kh3 85. Bb5 Rf7 86. Be8 Rf4 87. Bd7+ Kh4 88. Rh8+ Kg5 89. Bb5 Kf5 90. Kg2 Ke4 91. Rh3 Rf6 92. Bd3+ Kd4 93. Be2 Rf4 94. Ra3 Rf8 95. Bf3 Rb8 96. Kxf2 Ke5 97. Ke3 Rb5 98. Be4 Rc5 99. Ra8 Rc3+ 100. Bd3 Rb3 101. Ra5+ Kf6 102. Rc5 Ra3 103. Rd5 Ke6 104. Rh5 Kf6 105. Kd4 Ra4+ 106. Bc4 Kg6 107. Rc5 Kf6 108. Ke4 Rb4 109. Kf4 Rb6 110. Bd5 Rb4+ 111. Be4 Ke6 112. Rc6+ Kd7 113. Ra6 Rb8 114. Ke5 Re8+ 115. Kd5 Ke7 116. Bf5 Rb8 117. Re6+ Kf7 118. Ke5 Rb5+ 119. Kf4 Rb2 120. Rc6 Rb4+ 121. Be4 Rb5 122. Bd3 Ra5 123. Bc4+ Ke7 124. Ke4 Rh5 125. Be6 Rh1 126. Bd5 Rh4+ 127. Ke5 Rh5+ 128. Kd4 Rh2 129. Be4 Rh5 130. Rc7+ Kf6 131. Ke3 Rh3+ 132. Kf4 Rh4+ 133. Kf3 Ke5 134. Rc5+ Kd6 135. Rg5 Rh3+ 136. Kf4 Rh4+ 137. Ke3 Ke6 138. Kd4 Rf4 139. Ra5 Rf6 140. Ra6+ Kf7 141. Ra7+ Ke6 142. Rb7 Kd6 143. Rh7 Ke6 144. Bd5+ Kd6 145. Ra7 Rf4+ 146. Be4 1/2-1/2

[Event "BLR-ch U20"]
[Site "Minsk"]
[Date "2009.08.15"]
[Round "6"]
[White "Kovalev, Vladislav"]
[Black "Smolich, Pavel"]
[Result "1-0"]
[WhiteElo "2307"]
[BlackElo "2238"]
[PlyCount "43"]
[EventDate "2009.08.10"]
[EventType "tourn"]
[EventRounds "9"]
[EventCountry "BLR"]
[EventCategory "3"]
[SourceTitle "CBM 132 Extra"]
[Source "ChessBase"]
[SourceDate "2009.11.03"]
[SourceVersion "1"]
[SourceVersionDate "2009.11.03"]
[SourceQuality "1"]

1. e4 e5 2. Nf3 Nc6 3. Bb5 a6 4. Ba4 Nf6 5. 0-0 Nxe4 6. d4 b5 7. Bb3 d5 8. dxe5 Be6 9. Nbd2 Be7 10. c3 0-0 11. Bc2 f5 12. Nb3 Qd7 13. Nbd4 Na5 14. Nxe6 Qxe6 15. Nd4 Qxe5 16. f3 Bd6 17. g3 f4 18. fxe4 fxg3 19. Nf5 gxh2+ 20. Kh1 dxe4 21. Nxd6 cxd6 22. Bf4 1-0

[Event "Ketrzyn op 9th"]
[Site "Ketrzyn"]
[Date "2006.12.30"]
[Round "8.3"]
[White "Gawronski, Miroslaw"]
[Black "Smolich, Pavel"]
[Result "1-0"]
[WhiteElo "2168"]
[BlackElo "2154"]
[PlyCount "93"]
[EventDate "2006.12.27"]
[EventType "swiss"]
[EventRounds "9"]
[EventCountry "POL"]
[SourceTitle "EXT 2023"]
[Source "ChessBase"]
[SourceDate "2022.10.05"]
[SourceVersion "1"]
[SourceVersionDate "2022.10.05"]
[SourceQuality "1"]

1. d4 d5 2. c4 e6 3. Nc3 c6 4. Nf3 f5 5. Bf4 Nf6 6. e3 Be7 7. h3 0-0 8. Bd3 Ne4 9. g4 Nxc3 10. bxc3 g6 11. Bh6 Re8 12. h4 Bf6 13. h5 fxg4 14. Ne5 Bxe5 15. dxe5 dxc4 16. hxg6 Qxd3 17. gxh7+ Qxh7 18. Qxg4+ Kf7 19. Rh3 Rg8 20. Rf3+ Ke8 21. Qh5+ Qg6 22. Rf8+ Kd7 23. Qd1+ Qd3 24. Rxg8 c5 25. Bg5 Kc7 26. Be7 Nd7 27. Bd6+ Kc6 28. Qxd3 cxd3 29. a4 Kd5 30. Kd2 b6 31. Rh1 Bb7 32. Rg7 Bc6 33. Rh4 Nxe5 34. Bxe5 Kxe5 35. Kxd3 a6 36. Rg5+ Kf6 37. Rgh5 Rg8 38. a5 Rb8 39. axb6 Ke7 40. Rxc5 Kd6 41. Ra5 Rxb6 42. Rb4 Bb5+ 43. c4 Kc5 44. cxb5 Kxb4 45. Rxa6 Kxb5 46. Rxb6+ Kxb6 47. Ke4 1-0

[Event "Ketrzyn op 9th"]
[Site "Ketrzyn"]
[Date "2006.12.29"]
[Round "6.5"]
[White "Zelenko, Pavel"]
[Black "Smolich, Pavel"]
[Result "0-1"]
[WhiteElo "2186"]
[BlackElo "2154"]
[PlyCount "104"]
[EventDate "2006.12.27"]
[EventType "swiss"]
[EventRounds "9"]
[EventCountry "POL"]
[SourceTitle "EXT 2023"]
[Source "ChessBase"]
[SourceDate "2022.10.05"]
[SourceVersion "1"]
[SourceVersionDate "2022.10.05"]
[SourceQuality "1"]

1. d4 d5 2. c4 e6 3. cxd5 exd5 4. Nc3 c6 5. Bf4 Bf5 6. e3 Bd6 7. Bxd6 Qxd6 8. Nge2 Nf6 9. Ng3 Bg6 10. h4 h6 11. Bd3 Bxd3 12. Qxd3 Qb4 13. 0-0-0 Nbd7 14. h5 0-0-0 15. Nf5 Qf8 16. f3 Nxh5 17. Rxh5 g6 18. Rh4 gxf5 19. Rf4 Rg8 20. Rd2 Rg5 21. Rxf5 Qe7 22. Re2 Rdg8 23. g4 h5 24. gxh5 Rh8 25. Kc2 Rgxh5 26. Rxh5 Rxh5 27. e4 dxe4 28. fxe4 f6 29. Rg2 Qh7 30. b4 Rh2 31. Rxh2 Qxh2+ 32. Kb3 Qd6 33. Qc4 Nb6 34. Qc5 Kd7 35. a4 Nc8 36. a5 b6 37. Qc4 bxa5 38. bxa5 Qb8+ 39. Kc2 Qh2+ 40. Kb3 Qb8+ 41. Ka4 Nd6 42. Qd3 Qb2 43. e5 Ne8 44. Qc4 fxe5 45. dxe5 Qa1+ 46. Kb4 Nc7 47. Qg4+ Kd8 48. Qg8+ Kd7 49. Qf7+ Kc8 50. Ne4 Kb7 51. Kc5 Qxa5+ 52. Kd6 Qa3+ 0-1

[Event "Chigorin Memorial-B 14th"]
[Site "St Petersburg"]
[Date "2006.10.27"]
[Round "6"]
[White "Smolich, Pavel"]
[Black "Gerasimenyk, Mihail"]
[Result "1-0"]
[WhiteElo "2154"]
[BlackElo "2205"]
[PlyCount "87"]
[EventDate "2006.10.23"]
[EventType "swiss"]
[EventRounds "9"]
[EventCountry "RUS"]
[SourceTitle "EXT 2007"]
[Source "ChessBase"]
[SourceDate "2006.11.23"]
[SourceVersion "1"]
[SourceVersionDate "2006.11.23"]
[SourceQuality "1"]

1. d4 Nf6 2. c4 d6 3. Nc3 g6 4. e4 Bg7 5. Bg5 c6 6. f4 Qb6 7. Qd2 e5 8. c5 Qb4 9. dxe5 Nxe4 10. Nxe4 Qxe4+ 11. Be2 h6 12. Bf6 Bxf6 13. exf6 dxc5 14. Nf3 Qb4 15. 0-0-0 Qxd2+ 16. Rxd2 Be6 17. Ne5 Nd7 18. Nxd7 Bxd7 19. Bc4 0-0-0 20. Re1 Rde8 21. Re7 Rxe7 22. fxe7 Rh7 23. Re2 Be8 24. Rd2 Bd7 25. f5 gxf5 26. Re2 Be8 27. Bd3 Kc7 28. Bxf5 Rg7 29. g4 Kd6 30. h4 b5 31. Kd2 a5 32. b3 Rg8 33. Ke1 Kc7 34. Rd2 c4 35. bxc4 b4 36. Rd8 a4 37. Kd2 a3 38. Kc2 c5 39. Kb3 f6 40. h5 Rh8 41. Bg6 Ba4+ 42. Kxa4 Rxd8 43. exd8R Kxd8 44. Bc2 1-0

[Event "Chigorin Memorial-B 14th"]
[Site "St Petersburg"]
[Date "2006.10.25"]
[Round "3"]
[White "Pileckis, Emilis"]
[Black "Smolich, Pavel"]
[Result "1-0"]
[WhiteElo "2233"]
[BlackElo "2154"]
[PlyCount "87"]
[EventDate "2006.10.23"]
[EventType "swiss"]
[EventRounds "9"]
[EventCountry "RUS"]
[SourceTitle "EXT 2007"]
[Source "ChessBase"]
[SourceDate "2006.11.23"]
[SourceVersion "1"]
[SourceVersionDate "2006.11.23"]
[SourceQuality "1"]

1. d4 d5 2. c4 e6 3. Nc3 c6 4. Nf3 f5 5. Bf4 Nf6 6. e3 Be7 7. Bd3 0-0 8. 0-0 Bd7 9. Rc1 Ne4 10. Qb3 Qb6 11. Qc2 Be8 12. Bxe4 dxe4 13. Bg5 exf3 14. Bxe7 fxg2 15. Kxg2 Rf7 16. c5 Qc7 17. Bd6 Qd8 18. Qb3 Qf6 19. Kh1 b5 20. Rg1 Nd7 21. Rg3 g6 22. Rcg1 e5 23. Ne2 Kh8 24. Qc3 exd4 25. Nxd4 Rc8 26. Rg5 Qg7 27. Qc2 f4 28. Ne6 Qf6 29. Nxf4 Rg7 30. Qe2 Rg8 31. Qg4 Qxb2 32. Nd3 Qxa2 33. Ne5 Rg7 34. e4 b4 35. Qd1 Nf6 36. Qd4 Qe2 37. f3 Kg8 38. R5g2 Qb5 39. Nxg6 Bxg6 40. Qxf6 Re8 41. h4 b3 42. h5 a5 43. hxg6 h6 44. Qf7+ 1-0